| 000 | 00683nam a2200217 4500 | ||
|---|---|---|---|
| 003 | OSt | ||
| 005 | 20240702030505.0 | ||
| 006 | a | ||
| 008 | 240702b |||||||| |||| 00| 0 eng d | ||
| 020 | _a9780521185707 | ||
| 040 |
_aDWCL-Main lib. _cOC |
||
| 082 | _aCirc. 428.2 Al466e 2010 | ||
| 100 | _aAltenberg, Evelyn P. | ||
| 245 | _aEnglish grammar : understanding the basics / | ||
| 260 |
_aNew York : _bCambridge University Press, _cc2010. |
||
| 300 |
_axii, _b271 p. : ill. ; _c25 cm. |
||
| 504 | _aIncludes glossary & index. | ||
| 650 | _a1. English language-Grammar. | ||
| 650 | _a2. English language-Grammar-Problems, exercises, etc. | ||
| 942 |
_2ddc _n0 _cBK-CIRC _kCirc. |
||
| 999 |
_c1773 _d1773 |
||